films d'horreurs et thrillers par policiers - Statistiques

Statistiques générales
  • Ce quiz a été pris 125 fois
  • Le résultat moyen est 4 sur 20
Statistiques - réponses
Policier(s) Film % Correct
Clarice Starling Le silence des agneaux
77%
Dewey Riley et Sheriff Burke Scream
59%
William Somerset et David Mills Seven
49%
David tapp et Steven sing Saw
30%
Shérif Leigh Brackett Halloween
29%
Will Graham Dragon rouge
22%
Martin Brody Les dents de la mer
15%
Agent Weine et Agent Schreck Destination finale
13%
Detective Nick Curran Basic Instinct
10%
Inspecteur Donald Thompson et Sergent Parker Les griffes de la nuit
9%
Inspecteurs David « Dave » Toschi et William « Bill » Armstrong Zodiac
9%
Lieutenant Vincent Hanna Heat
8%
Sheriff Ed Tom Bell No country for old men
8%
Teddy Daniels et Chuck Aule Shutter island
7%
Reese Wilson Urban legend
4%
MJ Monahan et Ruben Goetz Copycat
2%
Sergent Davis Tubbs Jeepers Creepers
2%
Sheriff Storch I spit on your grave
1%
Capitaine Ed Ramey Phone game
1%
Wayne Mackey Summer of 84
1%
Aucun quiz correspondant
Distribution des résultats
% des personnes avec chaque résultat
Percentile par nombre de réponses
Votre historique - résultats
Vous n’avez pas pris ce quiz